000 00803nam a2200181Ia 4500
008 100921s9999 xx 000 0 und d
082 _b36703
_a550 न 01
100 _aपागनीस रविकांत.
245 _aपर्यावरणाची कथा आणि व्यथा.
260 _bचंद्रकला,पुणे.
_c2001
300 _a168
_bशांती पब्लिकेशन,पुणे
365 _b150
520 _aविज्ञान-भौमिक शास्त्रे.
630 _aपर्यावरणाची कथा आणि व्यथा.
650 _aविज्ञान-भौमिक शास्त्रे.
730 _aपर्यावरणाची कथा आणि व्यथा.
942 _cBOOK
999 _c785816
_d785813